Central Library OPAC University of Rajshahi

The re-ordering of the stones / (Record no. 17666)

MARC details
000 -LEADER
fixed length control field 00776cam a22002651 4500
001 - CONTROL NUMBER
control field 17666
003 - CONTROL NUMBER IDENTIFIER
rucl marc code BD-RjUL
005 - DATE AND TIME OF LATEST TRANSACTION
control field 20211209000156.0
008 - FIXED-LENGTH DATA ELEMENTS--GENERAL INFORMATION
fixed length control field 010217s1961 enk 000 0 eng
035 ## - SYSTEM CONTROL NUMBER
System control number (BD-RjUL)17724
System control number (OCoLC)2998853
040 ## - CATALOGING SOURCE
Original cataloging agency DLC
Transcribing agency NcGU
Modifying agency OCoLC
-- Uk
-- WU
-- DLC
Language of cataloging eng
041 ## - LANGUAGE CODE
Language code of text/sound track or separate title eng
082 ## - DEWEY DECIMAL CLASSIFICATION NUMBER
Classification number 821.914
Author mark and year SIR 1961
100 1# - MAIN ENTRY--PERSONAL NAME
Personal name Silkin, Jon.
9 (RLIN) 54458
245 14 - TITLE STATEMENT
Title The re-ordering of the stones /
Statement of responsibility, etc. JOHN SIKIN
246 3# - VARYING FORM OF TITLE
Title proper/short title Reordering of the stones
260 ## - PUBLICATION, DISTRIBUTION, ETC. (IMPRINT)
Place of publication, distribution, etc. [London] :
Name of publisher, distributor, etc. Chatto and Windus,
Date of publication, distribution, etc. 1961.
300 ## - PHYSICAL DESCRIPTION
Pagination 56 p. ;
Size 23 cm.
500 ## - GENERAL NOTE
General note Distributors: [Label on cover] Chester Springs, Pa., Dufour Editions.
942 ## - ADDED ENTRY ELEMENTS (KOHA)
Source of classification or shelving scheme Dewey Decimal Classification
Koha item type Books
Holdings
Lost status Source of classification or shelving scheme Damaged status Not for loan Collection code Permanent Location Current Location Shelving location Date acquired Source of acquisition Cost, normal purchase price Total Checkouts Full call number Date last seen Copy number Koha item type
  Dewey Decimal Classification   Not For Loan Fiction Central Library, University of Rajshahi Central Library, University of Rajshahi Reading Room 10/04/1964 Zeitlinger 12.60   821.914 SIR 1961 17/02/2014 C-1 Books